00560nam a2200205 a 450000100060000000300090000600800410001502000180005604000280007408200140010210000240011624500650014025000110020526000290021630000100024565000260025565000180028165000250029965000300032423180CO-ViMGA141112s2004 ck r 000 u spa d a9789584103652 aCO-ViMGAbspacCO-ViMGA04a657 S454s1 aSinisterra, Gonzalo10aContabilidad Sistema de informacion para las organizaciones a5a ed. aColombia : bMcGraw Hill a408p.14aAJUSTES POR INFLACION14aCONTABILIDAD 14aESTADOS FINANCIEROS 14aINFLACION Y CONTABILIDAD